| 000 | 00599nam a2200205 a 4500 | ||
|---|---|---|---|
| 005 | 20140311163040.0 | ||
| 008 | 111109s19uu xx 00 eng d | ||
| 020 | _a9780340883082 | ||
| 050 |
_aHD 38.7 _b.W216 2004 |
||
| 100 | _aWalmsley, Denise | ||
| 245 |
_aInformation and communication technology : _bfor GCSE / _cDenise Walmsley, et al. |
||
| 260 |
_aItaly : _bHodder Murray, _c2004. |
||
| 300 |
_a250 p. : _bcol. ill. ; _c26 cm. |
||
| 521 | _aMC | ||
| 650 | _aInformation technology | ||
| 700 | _aSargent, Brian | ||
| 700 | _aGillinder, Brian | ||
| 942 |
_cBK _2lcc _kFOR |
||
| 999 |
_c39733 _d39733 |
||